Statistics for soccer players teams

Click here to take the quiz!

General Stats

  • This quiz has been taken 25 times
  • The average score is 11 of 15

Answer Stats

playerteam% Correct
Cristiano RonaldoReal Madrid
100%
Paul PogbaManchester United
92%
Eden HazardChelsea
92%
Kevin De BruyneManchester city
92%
Mohamad SalahLiverpool
92%
Gonzalo HiguainJuventus
88%
Zlatan IbrahimovicLA Galaxy
84%
Arjen RobbenBayern Munich
84%
Lionel MessiFC Barcelona
80%
Diego CostaAtletico madrid
80%
Neymar Jr.Paris- Saint Germain
76%
Rademel FalcaoAS Monaco
64%
David OspinaArsenal
64%
Rui PatricioSporting Lisbon
32%
Christian PulisicBurussia Dortmund
8%

Score Distribution

Percentile by Number Answered

Percent of People with Each Score

Your Score History

You have not taken this quiz